00323nam a2200133Ia 4500003000400000008004100004020002700045040000800072100001600080245004000096260002800136300001300164365001200177LDD181029s9999 xx 000 0 und d a9781138292925c1995.00 cLDD aMorgan, Sue 0aFeminist history readercSue Morgan aLondonbRoutledgec2006 axii, 417 b1995.00